[Event "Kurnosov Memorial Rapid 2020"]
[Site "Chelyabinsk"]
[Date "2020.09.05"]
[Round "7.9"]
[White "Drygalov, Andrey"]
[Black "Chigaev, Maksim"]
[Result "1-0"]
[WhiteElo "2495"]
[BlackElo "2588"]
[Annotator "TA"]
[PlyCount "165"]
[EventDate "2020.09.04"]
[EventType "swiss"]
[EventCountry "RUS"]
[SourceTitle "playchess.com"]
[Source "ChessBase"]
[SourceQuality "1"]

{[%evp 12,165,14,22,15,14,22,23,15,17,18,14,14,23,15,22,16,0,23,19,29,23,29,8,9,8,20,9,22,9,33,6,23,25,55,56,57,57,62,64,93,71,70,54,72,72,72,75,79,80,54,33,34,35,68,55,54,37,44,38,41,27,20,14,48,13,13,19,14,15,24,7,7,7,7,0,16,16,16,18,116,120,210,208,254,267,249,231,276,269,328,308,422,408,454,426,437,349,283,270,407,371,12834,692,648,639,586,493,1078,500,12841,365,662,666,633,593,1008,691,1848,1337,12837,732,710,696,5185,784,12847,2197,12845,1856,12839,12839,12840,12840,12841,12840,12841,12841,12843,12844,12845,12845,12843,0,12843,12843,12843,12841,12845,12845,12845,12845,12848,12847,12850,12850]} 1. e4 e5 2. Nf3 Nc6 3. Bc4 Bc5 4. O-O Nf6 5. d3 d6 6. c3 h6 7. Nbd2 O-O {C54: Giuoco Piano: 4 c3 Nf6, main lines with 5 d4 and 5 d3.} 8. Re1 a5 9. Nf1 a4 {White has an edge.} 10. Bb5 a3 11. b4 Bb6 12. Be3 Bxe3 13. Nxe3 Ne7 14. Bc4 {[#]} Ng6 $146 ({Predecessor:} 14... c6 15. Bb3 Ng6 16. Qd2 Re8 17. h3 d5 18. exd5 cxd5 19. d4 e4 20. Ne5 Nxe5 21. dxe5 Rxe5 {0-1 (43) Van Foreest,L (2500)-Anton Guijarro,D (2642) Skopje 2018}) 15. Qc2 c6 16. d4 Re8 17. dxe5 Nxe5 18. Nxe5 Rxe5 19. Bd3 Re8 20. Rad1 Qc7 21. h3 Be6 22. c4 Qb6 23. Qc3 Bd7 24. Nc2 Qa7 25. Re3 b5 26. Rde1 bxc4 27. Bxc4 d5 28. exd5 cxd5 29. Rxe8+ Bxe8 30. Bd3 Bd7 31. Qd4 Qxd4 32. Nxd4 Ra4 33. Rb1 Ne4 34. Bc2 Ra8 35. Bxe4 dxe4 $14 {[%mdl 4096] Endgame KRB-KRN} 36. b5 Kf8 37. b6 Ke7 38. Re1 (38. Nc2 $5 {[%cal Rb6b7]}) 38... f5 39. f3 Rb8 40. fxe4 Rxb6 41. exf5+ Kf6 42. Re3 Rb4 43. Ne6 Rb1+ 44. Kh2 Rb2 {[#] White must now prevent ...Bc6.} 45. Rxa3 Kxf5 (45... Bc8 $11 {remains equal.}) 46. Nxg7+ $16 {White now steadily converts the win.} Kf6 (46... Kg6 $16) 47. Nh5+ $18 Kg5 48. Ra5+ Kg6 49. Nf4+ Kf7 50. Ra7 Ke8 51. Ra6 Bf5 52. Rf6 Bd7 53. Rxh6 Rxa2 54. Nd5 Kf8 55. Rb6 Rd2 (55... Kf7 $142 56. Kg3 Ra3+ 57. Kh4 Ra5) 56. Nf4 Rf2 $2 (56... Kg8 57. h4 Bf5) 57. Kg3 (57. Ng6+ $142 Kg7 58. Nh4) 57... Rc2 58. Ng6+ Ke8 59. Ne5 Bf5 (59... Rc3+ $142 60. Kh4 Bc8) 60. Rf6 (60. h4 $142 Ra2 61. Kf4) 60... Bc8 (60... Rc3+ $142 61. Kh4 Bb1) 61. Rf2 $2 (61. Rc6 Rxc6 62. Nxc6) 61... Rc5 $2 (61... Rc3+ 62. Rf3 Rc7) 62. Kf4 Ke7 63. g4 Kf6 64. g5+ Ke6 65. Re2 Rd5 66. Nf3+ (66. Nc6+ $142 Kf7 67. h4) 66... Kf7 67. h4 Kg6 68. Re7 (68. Re8 $142 Rf5+ 69. Ke3) 68... Kh5 69. Rh7+ Kg6 70. Rh6+ (70. Rc7 $142 Bh3 71. Ne5+ Rxe5 72. Kxe5) 70... Kg7 71. Rf6 Ra5 72. h5 Ra4+ {[#]} 73. Ke3 $1 Ra3+ 74. Kf2 Bg4 75. h6+ Kh7 76. Rf7+ Kg6 77. Rf6+ Kh7 78. Ne5 {Intending Rf7+ and mate.White is clearly winning.} Bh5 79. Re6 Ra8 80. Re7+ Kg8 81. Kg3 {White wants to mate with g6.} Ra4 82. g6 Bxg6 83. Rg7+ {[%mdl 64] Double Attack. Accuracy: White = 79%, Black = 55%.} ({Worse is} 83. Nxg6 Rg4+ 84. Kxg4 $11) 1-0

[Event "Kurnosov Memorial Rapid 2020"]
[Site "Chelyabinsk"]
[Date "2020.09.05"]
[Round "7.10"]
[White "Faizrakhmanov, Ramil"]
[Black "Bocharov, Dmitry"]
[Result "1-0"]
[WhiteElo "2451"]
[BlackElo "2524"]
[Annotator "TA"]
[PlyCount "153"]
[EventDate "2020.09.04"]
[EventType "swiss"]
[EventCountry "RUS"]
[SourceTitle "playchess.com"]
[Source "ChessBase"]
[SourceQuality "1"]

{[%evp 12,153,42,35,33,38,52,19,43,16,35,15,27,7,26,10,18,16,27,35,35,20,83,56,62,56,38,45,68,41,54,42,53,54,73,62,66,62,78,72,59,19,52,52,53,50,38,18,72,0,27,6,7,10,86,89,105,104,125,128,118,108,122,120,268,251,289,285,306,302,306,298,298,298,298,298,291,266,277,248,207,83,84,87,95,83,100,83,83,67,791,747,966,966,890,854,967,932,890,746,646,564,961,943,683,660,1455,1118,783,304,4698,5269,2709,2068,1636,1952,4922,1514,6502,6039,4133,4661,29972,29974,29977,29979,29980,29981,29981,29982,29982,29982,29983,29984,29984,29985,29985,29986,29986,29987,29987,29987,29986,29987]} 1. d4 d6 2. Nf3 Nf6 3. c4 g6 4. Nc3 Bf5 5. e3 Bg7 6. Bd3 Bxd3 7. Qxd3 O-O {E61: King's Indian: Early deviations for White, including Smyslov System.} 8. O-O c5 9. b3 {[#]} cxd4 $146 {The position is equal.} ({Predecessor:} 9... Nc6 10. Bb2 e5 11. Rad1 Re8 12. dxe5 dxe5 13. Qb1 Qc8 14. Nd2 Ne7 15. Nb5 Nf5 16. Ne4 Qc6 17. Nbc3 h5 18. Nd5 Nxe4 19. Qxe4 Rac8 20. Rd2 b5 21. Rfd1 Re6 {1-0 (21) Fomichenko,E (2492)-Lamoureux,C (2348) Rennes 2008}) 10. Nxd4 Nbd7 11. Bb2 Qa5 12. h3 Rfc8 13. Rfd1 a6 14. Rac1 Rc7 15. Qe2 Rac8 16. e4 Ne5 (16... e6 $11) 17. a3 Qb6 18. Nd5 Nxd5 19. exd5 Nd7 20. Qe3 Nc5 {White must now prevent ...Nxb3!} 21. Rc2 Rd7 22. b4 Na4 23. Ba1 $1 {aiming for Qb3.} Qd8 24. Nb3 Bxa1 25. Rxa1 Rdc7 26. Rac1 Qd7 27. Qd4 e6 28. dxe6 Qxe6 29. Qd3 Nb6 {[#]} (29... b5 $11 {keeps the balance.}) 30. c5 (30. Re2 $1 $16 {[%cal Re2e6]} Qf6 31. Nd2) 30... dxc5 31. Rxc5 Rxc5 32. Nxc5 Qe7 (32... Qc6 $11 {remains equal.}) 33. Rd1 $16 Rc7 34. Qd4 Rc6 35. Qd8+ Qxd8 36. Rxd8+ {[%mdl 4096] Endgame KRN-KRN} Kg7 37. Nxb7 Rc3 (37... h5 $16 {might work better.}) 38. Rd6 $18 Nc4 {[#]} 39. Rc6 $1 ({Not} 39. Rxa6 Rxa3 40. Rxa3 Nxa3 $16) 39... Rc2 40. a4 {[%cal Ba3a4,Ba4b5][%mdl 32]} ({Don't take} 40. Rxa6 $6 Rc1+ 41. Kh2 Rc2 $18) 40... Ne3 41. Rxc2 ({And not} 41. Rxa6 Rc1+ 42. Kh2 Nf1+ 43. Kh1 Nd2+ 44. Kh2 Nf1+ 45. Kh1 Nd2+ 46. Kh2 Nf1+ $11) 41... Nxc2 {KN-KN} 42. b5 axb5 43. axb5 Kf6 44. b6 Ke7 45. Nc5 {Hoping for b7.} Kd6 46. Ne4+ (46. b7 $18 {is more deadly.} Kc7 47. Kh2) 46... Kc6 $16 47. Ng5 Kxb6 48. Nxf7 Kc6 49. Ng5 h5 50. Ne6 {Threatens to win with Nf4.} Kd6 $2 {[%mdl 8192]} (50... Kd5 $14 51. Nf4+ Ke4) 51. Nf4 $18 Ke5 52. Nxg6+ Kf5 53. Nh4+ Kf6 54. Nf3 Nb4 55. Kh2 Nd3 56. Kg3 Kf5 57. Nd4+ Ke5 58. Ne2 Kf5 59. f4 Ne1 60. Kf2 $2 (60. Nd4+ Ke4 61. f5) 60... Nd3+ $2 (60... Nc2 61. Ng3+ Kxf4 62. Nxh5+ Kg5) 61. Ke3 Nb4 62. Kf3 h4 63. Nd4+ Kg6 64. Kg4 (64. Ke4 $142 Kf7 65. Nf3) 64... Nd5 65. f5+ Kf6 66. Kxh4 Ke5 67. Kg5 {White mates.} Kxd4 {KN-K3P} 68. f6 Nc7 69. Kf5 Kd5 70. f7 Ne6 71. Kf6 Kd6 72. g4 Nf8 73. g5 Nd7+ 74. Kg7 Ke7 75. h4 Nf8 76. h5 Ne6+ 77. Kg8 {Accuracy: White = 75%, Black = 60%.} 1-0

[Event "Kurnosov Memorial Rapid 2020"]
[Site "Chelyabinsk"]
[Date "2020.09.05"]
[Round "7.11"]
[White "Matinian, Nikita"]
[Black "Zvjaginsev, Vadim"]
[Result "0-1"]
[WhiteElo "2475"]
[BlackElo "2617"]
[Annotator "TA"]
[PlyCount "65"]
[EventDate "2020.09.04"]
[EventType "swiss"]
[EventCountry "RUS"]
[SourceTitle "playchess.com"]
[Source "ChessBase"]
[SourceQuality "1"]

{[%evp 10,65,22,18,18,15,12,5,16,22,20,6,9,19,28,-3,0,-23,-30,-17,-23,-58,-45,-57,-41,-47,-43,-48,-56,-71,-70,-77,-78,-91,-88,-79,-96,-235,-231,-235,-233,-278,-277,-359,-329,-329,-251,-329,-329,-329,-329,-329,-329,-329,-329,-564,-563,-29984]} 1. e4 c5 2. Nf3 Nc6 3. Bb5 g6 4. Bxc6 bxc6 5. O-O Bg7 6. Re1 Rb8 {B31: Sicilian: 2...Nc6 3 Bb5 g6.} 7. c3 Nf6 8. d4 cxd4 {The position is equal.} 9. cxd4 O-O 10. Nc3 d6 11. b3 Bg4 {[#]} 12. Bb2 $146 (12. h3 $5 {[%cal Rh3g4]} Bxf3 13. Qxf3 $11) ({Predecessor:} 12. h3 Bxf3 13. Qxf3 Nd7 14. Be3 Rc8 15. Rac1 Qa5 16. Qe2 Rfe8 17. Qd2 c5 18. dxc5 Nxc5 {0-1 (48) Satyapragyan,S (2416)-Fressinet,L (2702) Douglas 2015}) 12... Nd7 13. Na4 Nb6 14. Nxb6 Qxb6 15. Rc1 Qa6 16. Ra1 c5 17. e5 Rfd8 $36 {[%mdl 2048] Black has the initiative.} 18. h3 Be6 19. d5 dxe5 20. Bxe5 Rxd5 21. Bxb8 {[#] aiming for Qc1.} Rxd1 22. Raxd1 h6 ({Much weaker is} 22... Qxa2 $6 23. Rd8+ Bf8 24. Bf4 $14) 23. Rd8+ {Loses the game.} (23. Rd2 $17) 23... Kh7 $19 24. Be5 Qxa2 25. Bxg7 Kxg7 26. Re8 Kf6 (26... Qxb3 $2 27. Rxe7 Bd5 28. Rxa7 $17) 27. Re3 a5 {[%cal Ba7a5,Ba5a4,Ba4a3][%mdl 32]} 28. Ne5 Bxb3 29. Nd7+ Kg7 {...c4 is the strong threat.} 30. Nxc5 Bd5 31. R8xe7 a4 {Strongly threatening ...a3.} 32. Rd7 $2 {[#]} (32. Re1) 32... a3 33. Ra7 {Accuracy: White = 56%, Black = 90%.} 0-1

[Event "Kurnosov Memorial Rapid 2020"]
[Site "Chelyabinsk"]
[Date "2020.09.05"]
[Round "7.12"]
[White "Khanin, Semen"]
[Black "Aleksandrov, Aleksej"]
[Result "1/2-1/2"]
[WhiteElo "2482"]
[BlackElo "2608"]
[Annotator "TA"]
[PlyCount "63"]
[EventDate "2020.09.04"]
[EventType "swiss"]
[EventCountry "RUS"]
[SourceTitle "playchess.com"]
[Source "ChessBase"]
[SourceQuality "1"]

{[%evp 22,63,15,29,16,12,12,12,12,8,10,1,0,0,0,0,0,0,17,0,0,4,4,4,4,0,7,0,0,0,0,0,0,0,0,0,0,0,0,0,0,0,0,0]} 1. d4 Nf6 2. c4 e6 3. Nf3 d5 4. Nc3 Bb4 5. Bg5 h6 6. Bxf6 Qxf6 7. e3 O-O 8. Qb3 c5 9. cxd5 exd5 10. dxc5 Bxc3+ 11. Qxc3 Qxc3+ 12. bxc3 Nd7 {D38: Queen's Gambit Declined: Ragozin Defence (4 Nf3 Bb4).} 13. Rd1 {The position is equal.} Nf6 $1 {[%mdl 4] is currently scoring better than 13...Nxc5. Played by Liren Ding in June 2020.} 14. Nd4 Bd7 {[#]} 15. Bd3 $146 ({Predecessor:} 15. f3 Rfc8 16. Nb3 Ba4 17. Rd4 Bxb3 18. axb3 Rxc5 19. Kd2 Ra5 20. Bd3 Nd7 21. Kc1 {1-0 (43) Carlsen,M (2863)-Ding,L (2791) chess24.com INT 2020}) 15... Rfc8 16. Nb3 b6 17. Ba6 Rc7 18. c4 dxc4 19. Bxc4 Ba4 20. Rc1 Bxb3 21. Bxb3 Rac8 22. Ke2 Nd7 23. c6 Rxc6 24. Rxc6 Rxc6 $11 {[%mdl 4096] Endgame KRB-KRN} 25. Rd1 Rc7 26. e4 Kf8 27. Ke3 Ke7 28. f4 f6 29. Rd2 Nc5 30. Rc2 Kd6 31. Rd2+ Ke7 32. Rc2 {Not much happened in this game. Accuracy: White = 100%, Black = 100%.} 1/2-1/2

[Event "Kurnosov Memorial Rapid 2020"]
[Site "Chelyabinsk"]
[Date "2020.09.05"]
[Round "8.1"]
[White "Sjugirov, Sanan"]
[Black "Matlakov, Maxim"]
[Result "0-1"]
[WhiteElo "2675"]
[BlackElo "2685"]
[Annotator "TA"]
[PlyCount "46"]
[EventDate "2020.09.04"]
[EventType "swiss"]
[EventCountry "RUS"]
[SourceTitle "playchess.com"]
[Source "ChessBase"]
[SourceQuality "1"]

{[%evp 22,46,35,24,19,0,9,25,15,-129,-118,-122,-120,-113,-112,-136,-132,-172,-175,-202,-198,-187,-194,-443,-426,-666,-666]} 1. e4 e5 2. Nf3 Nc6 3. Bb5 a6 4. Ba4 Nf6 5. O-O Bc5 6. c3 b5 7. Bb3 d6 8. d4 Bb6 9. a4 Bb7 10. Re1 O-O 11. Bg5 h6 12. Bh4 exd4 {C78: Ruy Lopez: Archangelsk and Möller Defences.} 13. axb5 axb5 14. Rxa8 Bxa8 {[#] White has an edge.} 15. Na3 $146 (15. cxd4 $11 {keeps the balance.} g5 16. Bg3) ({Predecessor:} 15. cxd4 g5 16. Bg3 Re8 17. d5 Na5 18. Bc2 c6 19. dxc6 Bxc6 20. Nc3 Nc4 21. b4 {½-½ (30) Ismagambetov,A (2559)-Wei,Y (2714) Abu Dhabi 2016}) 15... dxc3 $17 16. bxc3 g5 17. Bg3 Re8 $1 18. Qb1 {next e5 is good for White.} Ne5 $1 19. Nxe5 dxe5 20. Nxb5 {[#]} h5 $1 {[%cal Rh5h4] And now ...h4 would win.} 21. h4 {[#]} Ng4 $1 22. hxg5 $2 (22. Qd1 Bc6 23. Qf3) 22... Qxg5 $19 {...h4 is the strong threat.} 23. Qc1 (23. Nxc7 $142 Bxc7 24. Qc1 Qxc1 25. Rxc1) 23... Qf6 {White got outplayed after the opening. Accuracy: White = 24%, Black = 100%.} 0-1

[Event "Kurnosov Memorial Rapid 2020"]
[Site "Chelyabinsk"]
[Date "2020.09.05"]
[Round "8.2"]
[White "Rakhmanov, Aleksandr"]
[Black "Savchenko, Boris"]
[Result "1/2-1/2"]
[WhiteElo "2645"]
[BlackElo "2564"]
[Annotator "RC"]
[PlyCount "79"]
[EventDate "2020.09.04"]
[EventType "swiss"]
[EventCountry "RUS"]
[SourceTitle "playchess.com"]
[Source "ChessBase"]
[SourceQuality "1"]
[TimeControl "900+10"]

1. d4 {[%emt 0:00:00]} Nf6 {[%emt 0:00:00]} 2. c4 {[%emt 0:00:00]} g6 {[%emt 0:00:00]} 3. Nc3 {[%emt 0:00:00]} d5 {[%emt 0:00:00]} 4. Nf3 {[%emt 0:00:01]} Bg7 {[%emt 0:00:00]} 5. cxd5 {[%emt 0:00:02]} Nxd5 {[%emt 0:00:00]} 6. Qa4+ {[%emt 0:00:02]} Nc6 {[%emt 0:02:25]} 7. e4 {[%emt 0:00:03]} Nb6 {[%emt 0:00:42]} 8. Qc2 {[%emt 0:00:06]} Nxd4 {[%emt 0:01:41]} 9. Nxd4 {[%emt 0:00:03]} Bxd4 {[%emt 0:00:03]} 10. Bh6 {[%emt 0:00:06]} f6 {[%emt 0:03:36]} 11. Rd1 {[%emt 0:03:42]} c5 {[%emt 0:00:35]} 12. Nb5 {[%emt 0:04:11]} Be6 {[%emt 0:01:57]} 13. b3 {[%emt 0:05:36]} g5 {[%emt 0:02:27]} 14. h4 {[%emt 0:00:52]} Rg8 {[%emt 0:01:07]} 15. hxg5 {[%emt 0:00:04]} fxg5 {[%emt 0:00:07]} 16. Be2 {[%emt 0:00:44]} Qd7 {[%emt 0:00:36]} 17. Nxd4 {[%emt 0:01:21]} cxd4 {[%emt 0:00:03]} 18. Qc5 {[%emt 0:00:01]} Rc8 {[%emt 0:00:30]} 19. Qe5 {[%emt 0:01:00]} Qd6 {[%emt 0:00:10]} 20. Qxd6 {[%emt 0:00:06]} exd6 {[%emt 0:00:02]} 21. Rxd4 {[%emt 0:00:04]} Rc1+ {[%emt 0:01:35]} 22. Bd1 {[%emt 0:00:02]} Rg6 {[%emt 0:00:37]} 23. f4 {[%emt 0:00:11]} gxf4 {[%emt 0:00:08]} 24. Bxf4 {[%emt 0:00:02]} Ra1 {[%emt 0:00:10]} 25. O-O {[%emt 0:00:37]} Rxa2 {[%emt 0:00:24]} 26. Bh5 {[%emt 0:00:01]} Raxg2+ {[%emt 0:00:01]} 27. Kh1 {[%emt 0:00:01]} d5 {[%emt 0:00:22]} 28. Re1 {[%emt 0:00:23]} Kd7 {[%emt 0:00:07]} 29. Bxg6 {[%emt 0:00:03]} Rxg6 {[%emt 0:00:02]} 30. Rc1 {[%emt 0:00:06]} Rg4 {[%emt 0:00:05]} 31. Be5 {[%emt 0:00:22]} Rxe4 {[%emt 0:00:15]} 32. Rc7+ {[%emt 0:00:06]} Ke8 {[%emt 0:00:20]} 33. Rxe4 {[%emt 0:00:03]} dxe4 {[%emt 0:00:01]} 34. Rxb7 {[%emt 0:00:25]} e3 {[%emt 0:00:15]} 35. Kg1 {[%emt 0:00:04]} Bxb3 {[%emt 0:00:10]} 36. Rxa7 {[%emt 0:00:10]} Bc2 {[%emt 0:00:11]} 37. Bd4 {[%emt 0:00:04]} Nd5 {[%emt 0:00:05]} 38. Ra1 {[%emt 0:00:18]} Kf7 {[%emt 0:00:08]} 39. Re1 {[%emt 0:00:05]} Bf5 {[%emt 0:00:04]} 40. Rxe3 {[%emt 0:00:02]} 1/2-1/2

[Event "Kurnosov Memorial Rapid 2020"]
[Site "Chelyabinsk"]
[Date "2020.09.05"]
[Round "8.3"]
[White "Paravyan, David"]
[Black "Demidov, Mikhail"]
[Result "0-1"]
[WhiteElo "2653"]
[BlackElo "2519"]
[Annotator "TA"]
[PlyCount "84"]
[EventDate "2020.09.04"]
[EventType "swiss"]
[EventCountry "RUS"]
[SourceTitle "playchess.com"]
[Source "ChessBase"]
[SourceQuality "1"]

{[%evp 15,84,10,16,13,11,9,14,20,14,0,0,0,0,0,0,-8,-8,-46,-46,-112,-94,-127,-125,-116,-118,-127,-75,-83,-2,-77,-20,-26,-21,-29,-40,-28,-29,-88,-91,-193,-192,-314,-398,-377,-338,-393,-291,-497,-472,-590,-453,-437,-383,-589,-587,-545,-555,-915,-911,-1216,-1175,-923,-874,-5740,-6510,-4133,-1521,-29981,-29982,-29982,-29983]} 1. d4 e6 2. Nf3 Nf6 3. c4 Bb4+ 4. Bd2 Qe7 5. Nc3 Bxc3 6. Bxc3 Ne4 7. Qc2 Nxc3 8. Qxc3 O-O 9. e4 {E11: Bogo-Indian.} d6 10. Bd3 Nd7 11. e5 {The position is equal.} dxe5 12. dxe5 Nc5 13. Bc2 a5 {[#]} 14. O-O-O $146 ({Predecessor:} 14. O-O b6 15. Qe3 Bb7 16. Ng5 h6 17. Nf3 Rfd8 18. a3 a4 19. Ne1 Qh4 20. f4 {1-0 (37) Caetano,H (2190)-Lorensetti,J (1815) Maringa 2014}) 14... b6 15. h4 Bb7 16. Ng5 h6 $36 {[%mdl 2048] Black has some pressure.} (16... Bxg2 17. Rhg1 $16) 17. Rd4 (17. Bh7+ $15 Kh8 18. Bc2) 17... Rad8 $17 ({Of course not} 17... hxg5 $6 18. hxg5 Ne4 19. Qh3 $14) ({Much weaker is} 17... Bxg2 $6 18. Rg1 $11) 18. Rf4 {White wants to play Nh7.} f5 ({Much worse is} 18... hxg5 $6 19. hxg5 Qxg5 20. Bh7+ Kh8 21. Bc2+ Kg8 22. Bh7+ Kh8 23. Bg6+ Kg8 24. Bh7+ $11) 19. exf6 Rxf6 20. Nh3 Rxf4 (20... e5 $142 21. Rxf6 Qxf6) 21. Nxf4 Qf6 ({Better is} 21... Be4 $17) 22. Qe3 (22. Qxf6 $11 {remains equal.} gxf6 23. Rd1 Rxd1+ 24. Kxd1) 22... Qd4 (22... a4 $17 {Hoping for ...a3!} 23. Rd1 Rxd1+ 24. Kxd1 Qxh4) 23. Rd1 $11 Qxe3+ 24. fxe3 Rxd1+ 25. Kxd1 {[%mdl 4096] Endgame KBN-KBN} Kf7 26. g3 (26. Kd2 $11) 26... Be4 $17 {White is now going downhill.} 27. Ne2 (27. a3 $17) 27... Kf6 $19 28. Nc3 {[#]} (28. Nd4 $142) 28... Bxc2+ $1 29. Kxc2 {KN-KN} Kf5 30. Nb5 c6 31. Nd6+ $2 (31. Na7 Kg4 32. Nxc6) 31... Kg4 32. a3 Kxg3 33. h5 Kg4 34. b4 (34. Ne8 $142 Kxh5 35. b4 axb4 36. axb4) 34... axb4 35. axb4 Na6 36. b5 cxb5 37. cxb5 Nc7 38. Kd3 Kxh5 39. Kc4 Kg4 40. Nc8 Na8 (40... h5 $142 41. Kd3 h4) 41. Nxb6 Nxb6+ 42. Kc5 Nc8 {Accuracy: White = 29%, Black = 75%.} 0-1

[Event "Kurnosov Memorial Rapid 2020"]
[Site "Chelyabinsk"]
[Date "2020.09.05"]
[Round "8.4"]
[White "Zvjaginsev, Vadim"]
[Black "Demchenko, Anton"]
[Result "1/2-1/2"]
[WhiteElo "2617"]
[BlackElo "2641"]
[Annotator "TA"]
[PlyCount "61"]
[EventDate "2020.09.04"]
[EventType "swiss"]
[EventCountry "RUS"]
[SourceTitle "playchess.com"]
[Source "ChessBase"]
[SourceQuality "1"]

{[%evp 10,61,0,4,0,7,2,0,9,-6,0,0,21,4,0,0,5,0,0,0,38,27,43,43,58,66,126,135,140,-15,76,78,133,128,145,134,180,188,181,179,186,176,141,25,2,2,17,0,0,0,23,0,0,0]} 1. e4 e5 2. Nf3 Nc6 3. g3 Nf6 4. d3 d5 (4... Bc5 5. Bg2 d6 6. O-O O-O 7. c3 a6 8. b4 Ba7 9. Nbd2 h6 10. a4 Be6 11. Bb2 Re8 12. b5 axb5 13. axb5 Ne7 14. d4 Ng6 15. Qc2 {1-0 (39) Zvjaginsev,V (2660)-Demchenko,A (2589) St Petersburg 2015}) 5. exd5 Nxd5 6. Bg2 Bd6 {C44: Ponziani Opening and Scotch Gambit.} 7. O-O O-O 8. Re1 Bg4 {[#]} 9. h3 $146 ({Predecessor:} 9. Bd2 Nf6 10. Nc3 Nd4 11. Be3 Nc6 12. Qc1 Re8 13. Ng5 h6 14. Nge4 Nh7 15. f3 {0-1 (33) Webber,E (1192)-Mostert,G (1267) Bloemfontein 2016}) 9... Bh5 10. c3 Nb6 11. a4 a5 12. Na3 Bxa3 13. Rxa3 f6 14. Ra1 Kh8 15. Be3 Qd6 16. g4 Bg6 17. d4 e4 (17... Nc4 $14) 18. Nh4 $16 Rae8 19. Qb3 $2 (19. Bc1 $16) 19... Bf7 (19... f5 $1 $11 {keeps the balance.}) 20. Qc2 g6 (20... Ne7 $142) 21. Bh6 Rg8 22. Rxe4 Bd5 23. Rxe8 Rxe8 {[#]} 24. Nxg6+ $1 {[%mdl 512]} hxg6 25. Qxg6 {[%csl Gh6][%cal Rg6g7]} Re7 ({Avoid the trap} 25... Rg8 $2 26. Qh5 $18) 26. Qh5 ({Better is} 26. Bf8 $16) 26... Bf7 $1 $11 {[%cal Rf7h5]} 27. Qf5 Qe6 $1 28. Qf4 {[#] Threatens to win with d5!} Qd6 29. Qf5 {Strongly threatening Bf8.} Qe6 $1 {White should prevent ...Qxf5.} 30. Qf4 {aiming for d5!} Qd6 31. Qf5 {Accuracy: White = 83%, Black = 74%.} 1/2-1/2

[Event "Kurnosov Memorial Rapid 2020"]
[Site "Chelyabinsk"]
[Date "2020.09.05"]
[Round "8.5"]
[White "Esipenko, Andrey"]
[Black "Drygalov, Andrey"]
[Result "0-1"]
[WhiteElo "2682"]
[BlackElo "2495"]
[Annotator "TA"]
[PlyCount "106"]
[EventDate "2020.09.04"]
[EventType "swiss"]
[EventCountry "RUS"]
[SourceTitle "playchess.com"]
[Source "ChessBase"]
[SourceQuality "1"]

{[%evp 15,106,13,31,38,30,12,37,4,32,31,61,21,27,27,50,13,25,26,23,0,0,-13,-9,-27,13,-34,-22,-18,0,-37,-43,-48,-38,-50,-58,-64,8,0,0,0,14,19,36,0,0,0,0,0,0,0,0,0,25,14,251,61,84,0,0,-213,-210,-249,-250,-385,-388,-496,-427,-427,-426,-419,-408,-393,-380,-493,-493,-477,-468,-493,-493,-531,-521,-469,-462,-692,-683,-813,-785,-1191,-991,-1543,-1451,-1275,-919]} 1. c4 c6 2. Nf3 d5 3. d4 Nf6 4. e3 Bf5 5. Nc3 e6 6. Nh4 Be4 7. Qb3 Qc7 8. f3 Bg6 9. Bd2 {D12: Slav Defence: 3 Nf3 Nf6 4 e3 Bf5.} Be7 10. Nxg6 hxg6 11. O-O-O {White is slightly better.} Nbd7 12. cxd5 exd5 {[#]} 13. Be2 $146 ({Predecessor:} 13. Kb1 b5 14. Rc1 Qd6 15. Nd1 O-O 16. g4 Nb6 17. g5 Nc4 18. Be1 Nh5 19. f4 {0-1 (35) Leko,P (2674)-Korobov,A (2687) Hengshui 2019}) 13... O-O-O 14. e4 {[%cal Re4d5]} Nf8 15. e5 N6d7 16. Kb1 {White wants to play Rc1.} Kb8 17. Be3 g5 18. Rc1 Qb6 19. Qc2 g6 20. h4 gxh4 21. g4 f6 22. f4 fxe5 23. fxe5 Ne6 24. Qxg6 Ndf8 $1 {[%cal Rf8g6]} ({Stronger than} 24... Nxd4 25. e6 $16) 25. Qf5 Rg8 (25... Nxd4 $15 26. Qf7 Rh7) 26. Rcd1 a6 27. Qf2 Bg5 28. Bxg5 Nxg5 29. Rxh4 (29. Na4 $5 {[%cal Ra4b6]} Qb4 30. Nc5 $11) 29... Nfe6 30. Rh6 Rh8 31. Rh5 Rdf8 $36 {[%mdl 2048] Black fights for an advantage.} 32. Qe3 Rhg8 33. a3 Rf4 {[%cal Rf4d4]} 34. Na4 Qc7 $2 {[#]} (34... Qd8 $1 $11) 35. Nc5 $2 (35. Rxg5 $1 $18 {[%mdl 512]} Rxg5 (35... Nxg5 36. Qxf4) 36. Nc5 {[%mdl 64] Overworked Piece} Nxc5 37. Qxf4) 35... Qf7 $14 36. Rxg5 (36. Qc3 $16) 36... Nxg5 $11 37. e6 $2 {[#] Black keeps a firm grip on the game.} (37. Bxa6 $11 {and White stays safe.} Rf3 38. Qe2) 37... Nxe6 $1 $19 {[%mdl 512]} 38. Qe5+ {[#]} (38. Nxe6 Re4) 38... Ka7 $1 {White must now prevent ...Nxc5.} ({Less strong is} 38... Nc7 39. Nd7+ Qxd7 40. Qxf4 $15) 39. Nxe6 (39. Qxe6 $142 Qxe6 40. Nxe6) 39... Re4 40. Qd6 Qxe6 ({Weaker is} 40... Rxe6 41. Qc5+ Kb8 42. Qc2 $19) 41. Qxe6 Rxe6 {[%mdl 4096] Endgame KRR-KRB} 42. Bd3 Rge8 43. Rd2 Re3 44. Ka2 Rg3 {Black is clearly winning.} 45. Bf5 Re7 46. Rh2 Kb6 47. Rc2 Rg1 48. Rd2 a5 49. a4 (49. Kb3 $142) 49... Ree1 50. Rd3 Rd1 51. Rxd1 Rxd1 52. g5 Rxd4 53. g6 Rd1 {Accuracy: White = 50%, Black = 79%.} 0-1